Experimentálne stanovenie parametrov supersonického ejektora

Na minha lista:
Detalhes bibliográficos
Autor principal: Bordáč, Branislav (Author)
Outros Autores: Olšiak, Róbert (Thesis advisor)
Formato: Manuscrito Livro
Idioma:eslovaco
Publicado em: 2015
Assuntos:
Acesso em linha:http://is.stuba.sk/zp/portal_zp.pl?podrobnosti=112834
Tags: Adicionar Tag
Sem tags, seja o primeiro a adicionar uma tag!

MARC

LEADER 00000ntm a22000003a 4500
001 stuzp53092
003 SK-STU
005 20160719154358.3
007 ta
008 150427s2015----xo-----f-mn---000-0-slo-d
040 |a STU  |b slo 
041 0 |a slo 
100 1 |a Bordáč, Branislav  |u 020040  |4 aut  |U SjF Strojnícka fakulta  |T SjF Ústav chemických a hydraulických strojov a zariadení  |X 64183  |U J0040  |Y 807  |7 A000064183 
242 0 1 |a Experimental determination of parameters of supersonic ejector  |y eng 
245 1 0 |a Experimentálne stanovenie parametrov supersonického ejektora 
260 |c 2015 
650 4 |a meranie  |2 slo 
650 4 |a ejektor  |2 slo 
650 4 |a experimentálna stanica  |2 slo 
650 4 |a DASYLab  |2 slo 
650 4 |a ejector  |2 eng 
650 4 |a experimental station  |2 eng 
650 4 |a measurement  |2 eng 
650 4 |a DASYLab  |2 eng 
700 1 |a Olšiak, Róbert  |4 ths  |X 2339  |7 A000002339 
856 4 |u http://is.stuba.sk/zp/portal_zp.pl?podrobnosti=112834 
996 |b 284J043786  |c J* 2076/DP  |l JJSK  |s A  |a 24  |w stuzp53092_0001 
SQL |a stuzp53092  |b DDP  |c SLO  |d Experimentálne stanovenie parametrov supersonického ejektora  |e 64183  |f Bordáč, Branislav  |g 020040  |h 2339  |i Olšiak, Róbert  |j 20150617  |k 55  |l 02  |m http://is.stuba.sk/zp/portal_zp.pl?podrobnosti=112834  |n I-HPSZ  |o 5.2.29. energetika